|
|
|
|
| LEADER |
00000cam a22000004a 4500 |
| 001 |
musev2_73467 |
| 003 |
MdBmJHUP |
| 005 |
20230905051601.0 |
| 006 |
m o d |
| 007 |
cr||||||||nn|n |
| 008 |
141209t20142014nyu o 00 0 eng d |
| 020 |
|
|
|a 9781580468718
|
| 020 |
|
|
|z 9781580465083
|
| 035 |
|
|
|a (OCoLC)1146227298
|
| 040 |
|
|
|a MdBmJHUP
|c MdBmJHUP
|
| 100 |
1 |
|
|a Mercer, Alex,
|e author.
|
| 245 |
1 |
0 |
|a Infections, Chronic Disease, and the Epidemiological Transition :
|b A New Perspective /
|c Alexander Mercer.
|
| 264 |
|
1 |
|a Rochester, NY :
|b University of Rochester Press,
|c 2014.
|
| 264 |
|
3 |
|a Baltimore, Md. :
|b Project MUSE,
|c 2020
|
| 264 |
|
4 |
|c ©2014.
|
| 300 |
|
|
|a 1 online resource (352 pages).
|
| 336 |
|
|
|a text
|b txt
|2 rdacontent
|
| 337 |
|
|
|a computer
|b c
|2 rdamedia
|
| 338 |
|
|
|a online resource
|b cr
|2 rdacarrier
|
| 490 |
0 |
|
|a Rochester studies in medical history,
|x 1526-2715 ;
|v vol. 31
|
| 505 |
0 |
|
|a Theoretical framework, data, and study outline : the concept of epidemiological transition -- A new infectious disease environment -- Mortality decline, food, and population growth : standard of living and nutrition -- Smallpox -- Typhus, typhoid, cholera, diarrhea, and dysentery -- Infant mortality -- Child mortality -- Tuberculosis -- Respiratory diseases -- Cardiovascular disease -- Cancer -- Other chronic diseases -- Epidemiological transition : a new perspective.
|
| 520 |
|
|
|a Examines the ongoing, worldwide epidemiological transition from acute infectious diseases to chronic diseases as the predominant causes of death, presenting a new theory on how chronic diseases have developed.
|
| 588 |
|
|
|a Description based on print version record.
|
| 650 |
|
7 |
|a Infektionskrankheit
|2 gnd
|
| 650 |
|
7 |
|a Chronische Krankheit
|2 gnd
|
| 650 |
|
7 |
|a Lebenserwartung
|2 gnd
|
| 650 |
|
7 |
|a Lebensstandard
|2 gnd
|
| 650 |
|
7 |
|a Sterblichkeit
|2 gnd
|
| 650 |
|
7 |
|a Epidemiologie
|2 gnd
|
| 650 |
|
7 |
|a Communicable diseases
|x Transmission.
|2 fast
|0 (OCoLC)fst00869923
|
| 650 |
|
7 |
|a Communicable diseases
|x Epidemiology.
|2 fast
|0 (OCoLC)fst00869891
|
| 650 |
|
7 |
|a MEDICAL
|x History.
|2 bisacsh
|
| 650 |
|
7 |
|a MEDICAL
|x Internal Medicine.
|2 bisacsh
|
| 650 |
|
7 |
|a MEDICAL
|x Evidence-Based Medicine.
|2 bisacsh
|
| 650 |
|
7 |
|a MEDICAL
|x Diseases.
|2 bisacsh
|
| 650 |
|
7 |
|a MEDICAL
|x Clinical Medicine.
|2 bisacsh
|
| 650 |
|
7 |
|a HEALTH & FITNESS
|x Diseases
|x General.
|2 bisacsh
|
| 650 |
|
6 |
|a Maladies infectieuses
|x Transmission.
|
| 650 |
|
6 |
|a Maladies infectieuses
|x Épidemiologie.
|
| 650 |
2 |
2 |
|a Mortality
|x trends
|
| 650 |
2 |
2 |
|a Disease Transmission, Infectious
|
| 650 |
1 |
2 |
|a Communicable Diseases
|x epidemiology
|
| 650 |
|
0 |
|a Communicable diseases
|x Transmission.
|
| 650 |
|
0 |
|a Communicable diseases
|x Epidemiology.
|
| 651 |
|
7 |
|a Grossbritannien
|2 gnd
|
| 655 |
|
7 |
|a Electronic books.
|2 local
|
| 710 |
2 |
|
|a Project Muse.
|e distributor
|
| 830 |
|
0 |
|a Book collections on Project MUSE.
|
| 856 |
4 |
0 |
|z Texto completo
|u https://projectmuse.uam.elogim.com/book/73467/
|
| 945 |
|
|
|a Project MUSE - Custom Collection
|